[Event "VI Sunway Sitges Open 2019"]
[Site "Sitges"]
[Date "2019.12.20"]
[Round "9.12"]
[White "Sasikiran, Krishnan"]
[Black "Bjerre, Jonas Buhl"]
[Result "1/2-1/2"]
[WhiteElo "2656"]
[BlackElo "2526"]
[Annotator "TA"]
[PlyCount "72"]
[EventDate "2019.12.13"]
[EventType "swiss"]
[EventCountry "ESP"]
[SourceTitle "playchess.com"]
[Source "ChessBase"]
[SourceQuality "1"]

{[%evp 9,72,17,14,0,-1,-12,23,20,31,20,27,16,21,16,27,18,23,22,21,28,33,12,13,14,24,6,17,14,41,10,17,-45,0,0,0,-17,-18,-68,-32,-42,-70,-58,-25,-88,-65,-98,0,0,0,0,0,0,0,0,0,0,0,0,0,0,0,0,0,0,0]} 1. d4 Nf6 2. c4 e6 3. Nf3 d5 4. Nc3 dxc4 5. e4 Bb4 6. Bxc4 {D24: Queen's Gambit Accepted: 3 Nf3 Nf6 4 Nc3} (6. Bg5 c5 7. Bxc4 cxd4 8. Nxd4 Bxc3+ 9. bxc3 Qa5 10. Bd2 O-O 11. Qe2 e5 12. Nb3 Qc7 13. O-O Bg4 14. f3 Rc8 15. Bd5 Nxd5 16. exd5 Bh5 17. c4 {1-0 (38) Carlsen,M (2845)-Aronian,L (2763) Karlsruhe/Baden Baden 2019}) 6... Nxe4 7. O-O Nf6 8. Qa4+ {White has an edge.} Nc6 9. Ne5 a5 10. Nxc6 bxc6 11. Qxc6+ Bd7 12. Qf3 O-O $146 ({Predecessor:} 12... Rb8 13. d5 e5 {0-1 (33) Holm,K (2436)-Meier,G (2647) chess.com INT 2018}) 13. Bf4 Bd6 14. Be5 a4 15. Rfe1 Rb8 16. b3 axb3 17. Bxb3 Rb4 18. Rad1 Bc8 19. Qh3 Bb7 20. Rd3 (20. Bc2 $11 h6 21. Qg3) 20... Bxe5 21. dxe5 Nd5 22. Qg3 (22. Nxd5 {is more complex.} Bxd5 23. Bxd5 exd5 24. e6 Qf6 25. f3) 22... c5 {next ...c4 is good for Black.} 23. Nxd5 Bxd5 (23... exd5 {feels hotter.} 24. Rdd1 c4 25. Bc2 Qe7 26. Qc3 Bc6) 24. Bxd5 exd5 25. h3 Qd7 26. Qg5 (26. Rb3 $11 {remains equal.}) 26... h6 27. Qd2 Rd8 ({Black should try} 27... d4 $17 28. Rc1 Rc8) 28. Rc1 $11 {The position is equal.} Qe6 29. Rxc5 Rb1+ 30. Kh2 {[%cal Rc5d5]} Qxe5+ 31. f4 Qf6 32. Rcxd5 Rxd5 33. Rxd5 Rb2 34. Rd8+ Kh7 35. Qd3+ g6 36. Qd4 Qxd4 {Accuracy: White = 71%, Black = 51%.} 1/2-1/2

[Event "VI Sunway Sitges Open 2019"]
[Site "Sitges"]
[Date "2019.12.20"]
[Round "9.13"]
[White "Ivanchuk, Vassily"]
[Black "Kelires, Andreas"]
[Result "1-0"]
[WhiteElo "2690"]
[BlackElo "2510"]
[Annotator "TA"]
[PlyCount "87"]
[EventDate "2019.12.13"]
[EventType "swiss"]
[EventCountry "ESP"]
[SourceTitle "playchess.com"]
[Source "ChessBase"]
[SourceQuality "1"]

{[%evp 9,87,22,23,12,21,19,42,12,27,37,52,44,57,55,46,48,80,47,83,83,83,71,85,83,83,81,111,105,104,104,122,52,66,41,78,55,67,47,111,93,90,62,95,29,37,25,52,31,18,23,43,37,43,44,48,29,42,12,25,14,78,75,79,68,143,145,150,136,130,98,139,136,231,226,629,636,626,610,5247,4962]} 1. c4 e5 2. g3 Nc6 3. Nc3 Bc5 4. Bg2 a6 (4... d6 5. a3 a6 6. d3 Nf6 7. Nf3 h6 8. O-O O-O 9. b4 Ba7 10. e3 Be6 11. Bb2 Qd7 12. Rc1 Ne7 13. d4 exd4 14. Nxd4 Bxc4 15. Ne4 Nxe4 16. Rxc4 d5 17. Bxe4 dxc4 {1-0 (31) Navara,D (2734)-Fedorchuk,S (2633) Riga 2019}) 5. e3 d6 6. b3 {A25: English Opening vs King's Indian with ...Nc6 but without early d3} Nf6 7. Nge2 Ba7 8. Bb2 {White is slightly better.} O-O 9. O-O Ne7 10. d4 exd4 $146 ({Predecessor:} 10... Ng6 11. dxe5 Nxe5 12. h3 Rb8 13. Kh2 b5 14. cxb5 axb5 {0-1 (28) Lozano Ramirez,N (2153)-Almeida Quintana,O (2513) Medellin 2015}) 11. Nxd4 c6 12. Qd2 Qc7 13. Rac1 Re8 14. Nde2 Ng6 15. Rfd1 Rd8 16. Ba3 {[%cal Ra3d6]} Qa5 17. Bxd6 Qh5 {[#] White must now prevent ...Bc5.} 18. Qe1 Bg4 19. Qf1 Ne8 20. Bf4 ({White should play} 20. Bb4 $16) 20... Nxf4 21. Nxf4 Qe5 22. Nce2 g5 23. Nd3 Qa5 (23... Qe7 $14) 24. h3 Bh5 25. Rc2 Rd7 {[#]} 26. g4 ({Better is} 26. b4 $1 $16 {[%cal Rb4a5]} Qa3 27. Rc3 Qxa2 28. g4) 26... Bg6 $11 27. Ng3 Nf6 28. Qe2 (28. b4 $5 {[%cal Rb4a5]} Qa3 29. Ne5 Rxd1 30. Qxd1 Qxb4 31. Rd2 $11) 28... Rad8 {[%cal Rg6d3]} 29. Rcd2 Bb8 30. b4 Qa3 {...Bxg3 is the strong threat.} 31. Nc5 $36 {[%mdl 2048] White has good play.} Rxd2 32. Rxd2 Re8 $1 33. Nge4 Nxe4 34. Nxe4 Kg7 (34... Bxe4 $11 {keeps the balance.} 35. Bxe4 Rxe4) 35. Nxg5 $16 Qxb4 36. Nf3 Qc3 (36... Re7 $14) 37. Rd7 b5 38. cxb5 cxb5 39. Nh4 Qc1+ 40. Qf1 Qc8 (40... Rc8 $16 {was necessary.}) 41. Qd1 $18 Re6 $2 (41... Qc3 42. Nxg6 hxg6) 42. Rd8 {White is clearly winning.} Qc7 43. Qd4+ Kh6 44. Nf5+ {Accuracy: White = 58%, Black = 45%.} 1-0

[Event "VI Sunway Sitges Open 2019"]
[Site "Sitges"]
[Date "2019.12.20"]
[Round "9.14"]
[White "Lagarde, Maxime"]
[Black "Girish, A. Koushik"]
[Result "1-0"]
[WhiteElo "2655"]
[BlackElo "2506"]
[Annotator "TA"]
[PlyCount "51"]
[EventDate "2019.12.13"]
[EventType "swiss"]
[EventCountry "ESP"]
[SourceTitle "playchess.com"]
[Source "ChessBase"]
[SourceQuality "1"]

{[%evp 9,51,-16,-14,-10,-6,-46,-33,-103,-61,-103,-97,-95,-82,-104,-45,-41,134,122,105,121,220,212,213,214,192,179,234,237,256,245,246,237,313,327,325,320,316,304,302,256,363,373,375,364]} 1. d4 Nf6 2. c4 e6 3. Nc3 Bb4 4. f3 c5 5. d5 b5 6. e4 {E20: Nimzo-Indian: 4 g3 and 4 f3} O-O 7. d6 (7. Nh3 bxc4 8. Bxc4 Nxd5 9. Bxd5 exd5 10. Qxd5 Nc6 11. O-O Ba6 12. Rf2 Re8 13. Bg5 Qb6 14. Be3 {½-½ (23) Firouzja,A (2702)-Ding,L (2811) Khanty-Mansiysk 2019}) 7... bxc4 8. Bg5 $146 (8. Bxc4 $15 Nc6 9. Nge2) ({Predecessor:} 8. Bxc4 Ba6 9. Bxa6 Nxa6 10. a3 Bxc3+ 11. bxc3 c4 12. Qd4 Rc8 13. Qxa7 Nc5 {0-1 (28) Wicklund Hansen,G (2054)-Boettcher,F (2132) IECG email 2006}) 8... Nc6 9. Nh3 Ba6 10. Be2 h6 11. Bh4 Ne5 (11... Nd4 $17 {And now ...Rb8 would win.} 12. O-O Qb6 13. Bxf6 gxf6) 12. O-O $15 Nd3 $2 (12... Rb8 $15 {stays ahead.}) 13. Bxd3 $1 $16 cxd3 14. e5 Bxc3 (14... g5 $16) 15. bxc3 $18 g5 16. exf6 Qxf6 17. Qa4 $1 gxh4 (17... Bc8 $142) 18. Qxa6 Qxc3 {[#]} 19. Rac1 $1 {[%cal Rc1c3,Ba1c1,Bc1c4,Bc4c2,Bc2d2,Bd2d7][%mdl 32]} Qd4+ {[#]} 20. Nf2 $1 d2 21. Rc4 Qd5 22. Rd1 (22. Rxh4 Rfb8 $18) 22... Rab8 23. Rc2 ({Don't do} 23. Rxh4 Qe5 $18) 23... Rb6 24. Qe2 ({Don't play} 24. Qxa7 $6 Rxd6 25. Rcxd2 (25. Rdxd2 Qe5 $18) 25... Qxd2 $18) 24... Qxd6 (24... Rc8 $142 25. Rcxd2 Qg5) 25. Rcxd2 Qf4 26. Rxd7 {Accuracy: White = 69%, Black = 44%.} 1-0

[Event "VI Sunway Sitges Open 2019"]
[Site "Sitges"]
[Date "2019.12.20"]
[Round "9.15"]
[White "Sadhwani, Raunak"]
[Black "Edouard, Romain"]
[Result "1/2-1/2"]
[WhiteElo "2507"]
[BlackElo "2653"]
[Annotator "TA"]
[PlyCount "87"]
[EventDate "2019.12.13"]
[EventType "swiss"]
[EventCountry "ESP"]
[SourceTitle "playchess.com"]
[Source "ChessBase"]
[SourceQuality "1"]

{[%evp 10,87,0,-6,0,-3,0,0,6,0,45,62,63,27,35,27,35,39,45,12,13,14,26,12,16,0,-11,-12,0,0,7,8,8,14,14,8,8,8,7,1,3,3,50,52,54,54,64,67,82,67,66,63,66,64,64,53,74,65,73,34,29,25,25,0,14,14,14,14,14,14,14,14,14,14,18,18,258,69,67,0]} 1. c4 e5 2. Nc3 Nf6 3. Nf3 Nc6 4. d3 d5 5. cxd5 Nxd5 6. e4 Nf6 {A28: English Opening: Four Knights Variation} 7. h3 (7. Be2 Bc5 8. Be3 Bb6 9. h3 Nh5 10. Qd2 Bxe3 11. fxe3 Ng3 12. Rg1 O-O 13. Bd1 Be6 14. Ba4 {0-1 (42) Kramnik,V (2753)-Grischuk,A (2759) Amsterdam 2019}) 7... Bc5 8. Be2 h6 {The position is equal.} 9. O-O g5 $146 ({Predecessor:} 9... O-O 10. Be3 Bb6 11. b4 Re8 12. Rb1 Nd4 13. Bxd4 exd4 14. Na4 {1-0 (44) Andreasson,I (2363)-Rydstrom,T (2307) Sweden 2017}) 10. Be3 Bd4 11. Nb5 Bb6 12. Bxb6 axb6 13. d4 exd4 14. e5 Nh5 15. Nfxd4 Nxd4 16. Nxd4 Nf4 17. Bf3 O-O 18. Re1 Re8 19. g3 Ng6 20. e6 $36 {[%mdl 2048] White fights for an advantage.} Bxe6 $1 21. Bxb7 Rb8 22. Nxe6 Qxd1 23. Raxd1 Rxb7 24. Nd4 Rxe1+ 25. Rxe1 $11 {[%mdl 4096] Endgame KRN-KRN} c5 26. Nf5 Kh7 27. Re8 b5 28. Rc8 c4 29. Nd6 Rd7 30. Nxb5 Rd2 31. Rxc4 {Hoping for Rb4.} Rxb2 32. a4 Ne5 33. Rc3 h5 34. Kf1 g4 35. hxg4 hxg4 36. Ra3 Nc4 37. Ra1 Nd2+ $1 38. Kg1 {next Nd4 is good for White.} Ne4 39. Nd4 Rd2 40. Nc6 {[#] Black must now prevent a5.} Nxf2 41. a5 Nh3+ 42. Kf1 {Threatens to win with a6.} Rf2+ ({Black should try} 42... f5 $1 $11 43. Ra3 Rd1+ 44. Ke2 Rd6) 43. Ke1 $14 {a6 is the strong threat.} Rg2 {[#] And now ...Rg1+ would win.} 44. Ra3 {Accuracy: White = 68%, Black = 56%.} (44. Ra4 $1 $14 Rg1+ 45. Ke2 Rg2+ 46. Ke3 Rxg3+ 47. Kd2 Rg2+ 48. Kd3 Nf2+ 49. Kd4) 1/2-1/2

[Event "VI Sunway Sitges Open 2019"]
[Site "Sitges"]
[Date "2019.12.20"]
[Round "9.16"]
[White "Sethuraman, S.P."]
[Black "Lobanov, Sergei"]
[Result "1/2-1/2"]
[WhiteElo "2638"]
[BlackElo "2504"]
[Annotator "TA"]
[PlyCount "90"]
[EventDate "2019.12.13"]
[EventType "swiss"]
[EventCountry "ESP"]
[SourceTitle "playchess.com"]
[Source "ChessBase"]
[SourceQuality "1"]

{[%evp 11,90,18,10,13,7,5,10,0,7,5,0,0,0,0,40,26,28,5,-12,-7,5,15,22,-14,-12,-2,-6,-58,-52,-69,-71,-86,-67,-72,-64,-63,-74,-64,-60,-63,-63,-104,-86,-93,-89,-88,-83,-83,-80,-96,-79,-83,-82,-82,-78,-77,-79,-85,-82,-77,-72,-95,-8,-8,-8,-8,-8,-8,-8,-8,0,0,0,0,0,0,0,0,0,0,0]} 1. e4 c6 2. d4 d5 3. exd5 cxd5 4. Bd3 Nc6 5. c3 Nf6 6. h3 g6 7. Nf3 {B13: Caro-Kann: Exchange Variation and Panov-Botvinnik Attack} Bf5 8. Bb5 (8. Be2 Bg7 9. O-O O-O 10. Bf4 Ne4 11. Nbd2 f6 12. Nxe4 Bxe4 13. Nd2 Bf5 14. Bg3 e5 15. dxe5 fxe5 {1-0 (54) Ding,L (2805)-Navara,D (2734) Prague 2019}) 8... Bg7 9. O-O $146 ({Predecessor:} 9. Bxc6+ bxc6 10. Ne5 Qb6 11. Nd2 O-O 12. Nb3 Ne4 13. O-O f6 14. Nd3 e5 {½-½ (52) Moreno Perez,N (1840)-Morales Montalban,M (1953) Barcelona 2019}) 9... O-O 10. Re1 Qc7 11. Nbd2 a6 12. Bf1 b5 13. Nb3 b4 14. cxb4 Nxb4 15. Bd2 Qb6 16. Rxe7 Ne4 17. Bxb4 Qxb4 18. Rc7 a5 19. a4 (19. Rc2 $11) 19... Rfc8 $15 20. Rxc8+ Rxc8 21. Bd3 Rb8 (21... Bd7 {with more complications.} 22. Nc1 Qxb2 23. Ne2 Nc3 24. Nxc3 Qxc3 25. Rb1 Bxa4 26. Qxa4 Qxd3 27. Rd1 Qa6) 22. Bc2 {[#]} Nxf2 $1 {[%mdl 512]} 23. Kxf2 {Bxf5 is the strong threat.} Bxc2 24. Qxc2 {Hoping for Ra3.} Qxb3 25. Qxb3 Rxb3 $17 {[%mdl 4096] Endgame KRB-KRN} 26. Ra2 f5 27. Ke2 {[#]} g5 $1 {[%mdl 512]} 28. Nxg5 Bxd4 29. Nf3 Bxb2 30. Ne1 Kf7 31. Nd3 Bc3 32. Nf4 d4 33. Kd3 Kf6 34. Kc4 Rb4+ 35. Kd3 {aiming for Nd5+.} Ke5 36. g3 Rb2 ({Better is} 36... Kd6 $17 {Strongly threatening ...Be1.} 37. Re2 Rxa4 38. Re6+ Kc5 39. Re5+ Kb4 40. Nd5+ Kb3) 37. Rxb2 $11 {The position is equal.} Bxb2 {KB-KN} 38. Ng2 $1 Ba3 39. Nh4 Bd6 40. Nf3+ Kf6 41. g4 fxg4 42. hxg4 Bc5 43. Ke4 Ba7 44. Kd3 Bb6 45. Ke4 $1 Ba7 {Accuracy: White = 86%, Black = 64%.} 1/2-1/2

[Event "VI Sunway Sitges Open 2019"]
[Site "Sitges"]
[Date "2019.12.20"]
[Round "9.17"]
[White "Salgado Lopez, Ivan"]
[Black "Zanan, Evgeny"]
[Result "1/2-1/2"]
[WhiteElo "2605"]
[BlackElo "2493"]
[Annotator "TA"]
[PlyCount "63"]
[EventDate "2019.12.13"]
[EventType "swiss"]
[EventCountry "ESP"]
[SourceTitle "playchess.com"]
[Source "ChessBase"]
[SourceQuality "1"]

{[%evp 16,63,26,27,39,11,27,8,43,0,33,0,0,0,10,20,13,11,15,0,12,14,18,4,0,0,10,11,7,8,7,8,24,0,8,16,20,0,0,0,0,0,0,0,0,0,0,-6,-7,-9]} 1. Nf3 d5 2. b3 c5 3. e3 Nf6 4. Bb2 g6 5. c4 dxc4 6. Bxc4 Bg7 7. d4 cxd4 8. Nxd4 O-O 9. O-O Bd7 {E60: King's Indian: Unusual lines and Fianchetto Variation without Nc3} 10. Qe2 (10. Nd2 Nc6 11. N2f3 Qa5 12. a3 Nxd4 13. Bxd4 Bb5 14. b4 Qa6 15. Bxb5 Qxb5 16. a4 Qf5 17. Rc1 {½-½ (47) Short,N (2680)-Meier,G (2623) Warsaw 2013}) 10... Nc6 11. Nf3 $146 ({Predecessor:} 11. Rd1 Nxd4 12. Bxd4 Qc7 13. Nd2 Ng4 14. Nf1 Ne5 15. Rac1 Nxc4 16. Bxg7 Kxg7 17. Rxc4 {1-0 (63) Lovric,B (2355)-Komljenovic,D (2476) Pula 1999}) 11... Bf5 12. Nc3 Qa5 13. Rfd1 Rad8 14. h3 a6 15. a3 Rxd1+ 16. Rxd1 Rd8 17. Rxd8+ Nxd8 18. Nd4 Bd7 19. b4 Qc7 20. Bb3 e5 21. Nf3 Be6 22. Qd1 Bxb3 23. Qxb3 Nc6 24. Na4 Nd7 {The position is equal.} 25. Ng5 Nd8 26. Ne4 Ne6 27. Qd5 Qc6 28. Qxc6 bxc6 29. g4 Bf8 30. Kg2 f6 31. Kg3 Kf7 32. f3 {Accuracy: White = 54%, Black = 52%.} 1/2-1/2

[Event "VI Sunway Sitges Open 2019"]
[Site "Sitges"]
[Date "2019.12.20"]
[Round "9.18"]
[White "Praggnanandhaa R"]
[Black "Garriga Cazorla, Pere"]
[Result "1/2-1/2"]
[WhiteElo "2586"]
[BlackElo "2484"]
[Annotator "ChessBase"]
[PlyCount "89"]
[EventDate "2019.12.13"]
[EventType "swiss"]
[EventCountry "ESP"]
[SourceTitle "playchess.com"]
[Source "ChessBase"]
[SourceQuality "1"]
[TimeControl "40/5400+30:1800+30"]

1. e4 {[%emt 0:00:00]} c5 {[%emt 0:00:00]} 2. Nf3 {[%emt 0:00:00]} Nc6 {[%emt 0:00:00]} 3. d4 {[%emt 0:00:23]} cxd4 {[%emt 0:00:00]} 4. Nxd4 {[%emt 0:00:04]} g6 {[%emt 0:00:00]} 5. c4 {[%emt 0:00:55]} Bg7 {[%emt 0:00:47]} 6. Be3 {[%emt 0:00:16]} Nf6 {[%emt 0:00:53]} 7. Nc3 {[%emt 0:00:06]} O-O {[%emt 0:00:08]} 8. Be2 {[%emt 0:00:25]} d6 {[%emt 0:00:05]} 9. O-O {[%emt 0:00:12]} Bd7 {[%emt 0:00:32]} 10. Qd2 {[%emt 0:00:39]} Nxd4 {[%emt 0:00:13]} 11. Bxd4 {[%emt 0:00:06]} Bc6 {[%emt 0:00:04]} 12. f3 {[%emt 0:00:50]} a5 {[%emt 0:00:05]} 13. b3 {[%emt 0:00:51]} Nd7 {[%emt 0:00:08]} 14. Be3 {[%emt 0:01:13]} Nc5 {[%emt 0:00:05]} 15. Rab1 {[%emt 0:00:37]} e6 {[%emt 0:00:13]} 16. Rfd1 {[%emt 0:17:33]} Be5 {[%emt 0:00:42]} 17. Qe1 {[%emt 0:00:27]} Qe7 {[%emt 0:06:07]} 18. Bf1 {[%emt 0:05:56]} f5 {[%emt 0:06:58]} 19. exf5 {[%emt 0:01:50]} Rxf5 {[%emt 0:00:35]} 20. Ne2 {[%emt 0:10:31]} Raf8 {[%emt 0:21:41]} 21. Nd4 {[%emt 0:10:29]} Bxd4 {[%emt 0:03:49]} 22. Rxd4 {[%emt 0:10:41]} e5 {[%emt 0:04:48]} 23. Rg4 {[%emt 0:01:14]} R8f7 {[%emt 0:14:33]} 24. Qh4 {[%emt 0:09:28]} e4 {[%emt 0:09:57]} 25. Qxe7 {[%emt 0:05:27]} Rxe7 {[%emt 0:00:14]} 26. f4 {[%emt 0:00:23]} Nd3 {[%emt 0:03:37]} 27. Rd1 {[%emt 0:06:05]} d5 {[%emt 0:07:34]} 28. Bxd3 {[%emt 0:02:39]} exd3 {[%emt 0:00:14]} 29. Rxd3 {[%emt 0:00:06]} dxc4 {[%emt 0:01:44]} 30. bxc4 {[%emt 0:00:19]} b5 {[%emt 0:00:05]} 31. cxb5 {[%emt 0:01:25]} Rxb5 {[%emt 0:00:28]} 32. Rg5 {[%emt 0:03:05]} Rxg5 {[%emt 0:03:49]} 33. fxg5 {[%emt 0:00:02]} Rb7 {[%emt 0:00:09]} 34. Rd2 {[%emt 0:02:41]} Kf7 {[%emt 0:01:23]} 35. Kf2 {[%emt 0:00:28]} Ke6 {[%emt 0:00:50]} 36. Bf4 {[%emt 0:01:14]} Bd5 {[%emt 0:01:14]} 37. Re2+ {[%emt 0:02:03]} Kd7 {[%emt 0:00:19]} 38. Rc2 {[%emt 0:02:31]} Ke6 {[%emt 0:00:57]} 39. Bd2 {[%emt 0:00:42]} a4 {[%emt 0:05:15]} 40. a3 {[%emt 0:00:00]} Rf7+ {[%emt 0:00:00]} 41. Kg3 {[%emt 0:02:30]} Bb3 {[%emt 0:10:56]} 42. Rc5 {[%emt 0:01:31]} Rd7 {[%emt 0:01:00]} 43. Bb4 {[%emt 0:03:32]} Rd5 {[%emt 0:00:48]} 44. Kf4 {[%emt 0:00:28]} Rxc5 {[%emt 0:00:07]} 45. Bxc5 {[%emt 0:00:03]} 1/2-1/2

[Event "VI Sunway Sitges Open 2019"]
[Site "Sitges"]
[Date "2019.12.20"]
[Round "9.19"]
[White "Peralta, Fernando"]
[Black "Pogonina, Natalija"]
[Result "0-1"]
[WhiteElo "2577"]
[BlackElo "2479"]
[Annotator "TA"]
[PlyCount "119"]
[EventDate "2019.12.13"]
[EventType "swiss"]
[EventCountry "ESP"]
[SourceTitle "playchess.com"]
[Source "ChessBase"]
[SourceQuality "1"]

{[%evp 14,119,23,16,12,0,0,0,28,23,59,24,23,11,38,8,19,-11,-12,-11,0,0,8,0,0,0,0,0,0,0,0,0,0,-19,-8,-20,-8,-18,-8,-8,-12,-24,-27,-14,0,-5,-3,-3,0,-40,-46,-23,-7,-8,2,0,0,0,0,-14,0,-11,-3,-135,-148,-129,-123,-156,-129,-194,-137,-145,-117,-136,-139,-143,-131,-138,-142,-125,-121,-214,-223,-372,-246,-378,-378,-370,-361,-364,-345,-550,-527,-551,-528,-12832,-12831,-12843,-12833,-12844,-12844,-12845,-12845,-12845,-12844,-12845,-12845,-12848]} 1. d4 d5 2. c4 e6 3. Nc3 Nf6 4. cxd5 exd5 5. Bg5 c6 6. e3 Be7 7. Bd3 Nbd7 8. Nge2 O-O {D35: Queen's Gambit Declined: Exchange Variation} 9. f3 (9. Qc2 Re8 10. O-O Nf8 11. f3 g6 12. Bh4 Ne6 13. Kh1 b5 14. Rac1 Bb7 15. Nd1 Rc8 16. Qd2 a6 17. b4 Ne4 18. Bxe4 Bxh4 19. Bb1 a5 20. a3 axb4 21. axb4 {0-1 (44) Mamedyarov,S (2767)-Radjabov,T (2758) Khanty-Mansiysk 2019}) 9... h6 10. Bh4 c5 {The position is equal.} 11. O-O cxd4 12. exd4 Nb6 $146 ({Predecessor:} 12... Nb8 13. Rc1 Nc6 14. Bb1 Be6 15. Qd3 g6 16. Qd2 Kg7 {½-½ (46) Neverov,V (2566)-Dittmar,P (2349) Pardubice 2003}) 13. b3 Bd7 14. Rc1 Rc8 15. Bb1 Re8 16. Qd3 g6 17. Qd2 Kg7 18. Bg3 Ba3 19. Bf4 Ng8 20. Rcd1 Bb4 21. Qb2 $1 Qe7 22. Bd3 Bd6 {And now ...Bxf4 would win.} 23. Rde1 Qf6 24. Bxd6 Qxd6 25. Nd1 Ne7 26. Nf2 Bf5 27. Ng3 Bxd3 28. Nxd3 Nc6 29. f4 Rxe1 30. Rxe1 Qf6 31. Ne2 (31. f5 $5) 31... Nd7 {[%cal Bb6d7,Bd7f8,Bf8e6][%mdl 32]} 32. Ne5 Nf8 33. Qd2 Nxe5 34. fxe5 Qf5 35. Nc3 Ne6 36. h3 (36. Rf1 {looks sharper.} Qg5 37. Qxg5 hxg5 38. Nb5 Rc2 39. Nd6) 36... Qf4 $36 {[%mdl 2048] White is under pressure.} 37. Qxf4 Nxf4 $11 {[%mdl 4096] Endgame KRN-KRN} 38. Ne2 (38. Nb5 $1 $11) 38... Ne6 $1 $17 39. Kf1 Rc2 40. Ra1 g5 41. a3 (41. Rd1 $17 {keeps fighting.}) 41... Rd2 ({Better is} 41... h5 $19 42. Rd1 f5) 42. Rc1 Rd3 ({Much weaker is} 42... Nxd4 $6 43. Nxd4 Rxd4 44. Rc7 $11) 43. Rc3 Rxc3 $1 44. Nxc3 Nxd4 45. Nxd5 {KN-KN} Nc6 ({Much less strong is} 45... Nxb3 46. Ke2 $15) 46. Ke2 Kg6 47. g4 (47. Kf3 $17 {was worth a try.}) 47... h5 $1 $19 ({Don't play} 47... Nxe5 48. Ne7+ Kf6 49. Nd5+ Ke6 50. Nc7+ Kd7 51. Nd5 $15) 48. Kf3 (48. gxh5+ $142 Kxh5 49. Kf3) 48... hxg4+ 49. hxg4 (49. Kxg4 {is the only way for White.} Nxe5+ 50. Kg3) 49... Nxe5+ 50. Kg3 Nc6 51. b4 f5 $1 {[%cal Rf5f4]} 52. gxf5+ (52. Nc3 {is a better defense.} f4+ 53. Kh2) 52... Kxf5 {Black is clearly winning.} 53. b5 Ne5 54. Ne7+ Ke6 55. Nc8 Kd7 56. Nxa7 {[#]} b6 $1 57. Kf2 Kc7 58. Ke3 Kb7 59. Ke4 {[#]} g4 $1 60. Kd4 {Accuracy: White = 36%, Black = 73%.} 0-1

[Event "VI Sunway Sitges Open 2019"]
[Site "Sitges"]
[Date "2019.12.20"]
[Round "9.20"]
[White "Sekar, B."]
[Black "Li, Di"]
[Result "0-1"]
[WhiteElo "2176"]
[BlackElo "2543"]
[Annotator "ChessBase"]
[PlyCount "80"]
[EventDate "2019.12.13"]
[EventType "swiss"]
[EventCountry "ESP"]
[SourceTitle "playchess.com"]
[Source "ChessBase"]
[SourceQuality "1"]

1. e4 e5 2. Nf3 Nc6 3. Bb5 Nf6 4. O-O Nxe4 5. d4 Nd6 6. dxe5 Nxb5 7. a4 d6 8. e6 Bxe6 9. axb5 Ne5 10. Nd4 Bd7 11. f4 Ng6 12. Nc3 Be7 13. Nd5 c6 14. Nxe7 Nxe7 15. f5 c5 16. Ne6 Bxe6 17. fxe6 f6 18. Qh5+ Ng6 19. Qd5 Qc7 20. c4 a5 21. Bd2 Ke7 22. h4 Ne5 23. h5 b6 24. Ra3 Qc8 25. Rg3 Rg8 26. h6 Qxe6 27. Qb7+ Qd7 28. Rxg7+ Rxg7 29. Qxa8 Rg6 30. Bc3 Rxh6 31. Rd1 Kf7 32. Qe4 Rg6 33. Qd5+ Qe6 34. Qb7+ Qe7 35. Qxb6 Nxc4 36. Qc6 Qe3+ 37. Kf1 Qf4+ 38. Kg1 Qe3+ 39. Kf1 Rg5 40. Qf3 Qxf3+ 0-1

[Event "VI Sunway Sitges Open 2019"]
[Site "Sitges"]
[Date "2019.12.20"]
[Round "9.21"]
[White "Harutyunian, Tigran K."]
[Black "Gines Esteo, Pedro Antonio"]
[Result "0-1"]
[WhiteElo "2540"]
[BlackElo "2483"]
[Annotator "ChessBase"]
[PlyCount "94"]
[EventDate "2019.12.13"]
[EventType "swiss"]
[EventCountry "ESP"]
[SourceTitle "playchess.com"]
[Source "ChessBase"]
[SourceQuality "1"]

1. e4 e5 2. Nf3 Nc6 3. d4 exd4 4. Nxd4 Nf6 5. Nxc6 bxc6 6. Bd3 d6 7. O-O g6 8. Qe1 Qe7 9. Qc3 Bd7 10. e5 dxe5 11. Re1 Nd5 12. Qxe5 Qxe5 13. Rxe5+ Be6 14. c3 Bd6 15. Re1 Kd7 16. Nd2 Rhe8 17. Nc4 Rab8 18. Bd2 c5 19. Rad1 Bg4 20. Rxe8 Kxe8 21. f3 Be6 22. Be4 Be7 23. Bh6 c6 24. Ne5 Rxb2 25. c4 Bf6 26. f4 Ne3 27. Re1 Nf5 28. Bg5 Bxg5 29. fxg5 Rxa2 30. Rb1 Nd4 31. Rb8+ Ke7 32. Rb7+ Kf8 33. Bxc6 Nxc6 34. Nxc6 Bxc4 35. h4 Be6 36. Kh2 Ra4 37. Kg3 Rg4+ 38. Kf3 Rxh4 39. Rxa7 Bd5+ 40. Kg3 Rh5 41. Ne7 Rxg5+ 42. Kf4 h6 43. g4 Be6 44. Nc6 Rxg4+ 45. Ke5 Rg5+ 46. Kf4 Rf5+ 47. Kg3 c4 0-1

[Event "VI Sunway Sitges Open 2019"]
[Site "Sitges"]
[Date "2019.12.20"]
[Round "9.22"]
[White "Karthik Venkataraman"]
[Black "Moradiabadi, Elshan"]
[Result "1/2-1/2"]
[WhiteElo "2470"]
[BlackElo "2539"]
[Annotator "ChessBase"]
[PlyCount "82"]
[EventDate "2019.12.13"]
[EventType "swiss"]
[EventCountry "ESP"]
[SourceTitle "playchess.com"]
[Source "ChessBase"]
[SourceQuality "1"]

1. e4 e6 2. d4 d5 3. Nc3 Nf6 4. e5 Nfd7 5. Nce2 c5 6. c3 Nc6 7. Nf3 Be7 8. a3 O-O 9. Nf4 Qa5 10. Bd3 Nxd4 11. Nxd4 cxd4 12. Nxe6 dxc3 13. b4 Bxb4 14. axb4 Qxa1 15. O-O c2 16. Qxc2 Qxe5 17. Bxh7+ Kh8 18. Nxf8 Nxf8 19. Bd3 Be6 20. Qd2 Rc8 21. Bb2 Qh5 22. Be2 Qg6 23. Qd4 f6 24. Bf3 Qf5 25. Qxa7 Ng6 26. Qe3 Nh4 27. Be2 Rc2 28. Ba1 Qg6 29. Qg3 Qxg3 30. hxg3 Rxe2 31. gxh4 Re4 32. Bc3 Rxh4 33. Re1 Re4 34. Rxe4 dxe4 35. Kf1 Bd5 36. Ke2 Kg8 37. Ke3 Kf7 38. Bd4 Ke6 39. Bc5 g5 40. g3 Bc6 41. Kd4 f5 1/2-1/2

[Event "VI Sunway Sitges Open 2019"]
[Site "Sitges"]
[Date "2019.12.20"]
[Round "9.23"]
[White "Narayanan, Srinath"]
[Black "Raja Harshit"]
[Result "1/2-1/2"]
[WhiteElo "2529"]
[BlackElo "2447"]
[Annotator "ChessBase"]
[PlyCount "60"]
[EventDate "2019.12.13"]
[EventType "swiss"]
[EventCountry "ESP"]
[SourceTitle "playchess.com"]
[Source "ChessBase"]
[SourceQuality "1"]

1. e4 c5 2. Nf3 d6 3. Bb5+ Bd7 4. Bxd7+ Nxd7 5. O-O Ngf6 6. Qe2 e6 7. c3 Be7 8. d4 O-O 9. e5 dxe5 10. dxe5 Nd5 11. a3 Qa5 12. Nbd2 Rfd8 13. Re1 Rac8 14. Nc4 Qa6 15. Bg5 Bxg5 16. Nxg5 h6 17. Ne4 Nf4 18. Qf1 b5 19. Ncd6 Rc6 20. c4 bxc4 21. Nxc4 Nb6 22. Ned6 Nxc4 23. Nxc4 Nd3 24. Re4 Rd4 25. Rxd4 cxd4 26. Qxd3 Qxc4 27. Qxc4 Rxc4 28. Rd1 Rc2 29. g3 Rxb2 30. Rxd4 Rb7 1/2-1/2